00676cam a22002177a 4500003000500000005001700005008004100022010001000063011001000073035001000083040000900093100002900102245004300131260006400174300002000238490001400258650003300272650001200305711012700317830001400444CHAP20220329134330.0971013s1964 r 00010 d a18910 a19882 a23967 cCHAP00aAlvarez Alvarez, Manuel. 0aProcesador de listas LEPIMU para G-30C a(Zacatenco, D.F., :bCentro Nacional de Cálculo),c(1964) a18 p.b; diagrs 0aDoc. 35-A14aCalculadoras electrónicas.14aLEPIMU.0 aCongreso Latinoamericano sobre la Computación Electrónica en la Enseñanza Profesionaln(1 :d1964 :cMéxico, D.F.)0 aDoc. 35-A